02193cam a2200529 i 4500001001200000003000600012005001700018008004100035020004800076035002200124035002300146040008000169045001700249046000900266100004200275245011200317260014600429300002400575336002700599337005400626338002800680380001600708380002300724388001000747490002800757504004600785648001900831648001900850650003000869650003400899650002600933650001300959650004100972651004701013651005601060651002901116651008001145651008001225651006001305651001301365651004401378655002101422658001301443658005101456710012801507830002801635xx004873194NUKAT20260427140757.0200529s2020 pl |001 0 pol c a9788380988316q(oprawa twarda) :czł 29,00 a(OCoLC)1156652113 a(NUKAT)xx004873194 aKAT U/DLbpolerdacKAT U/DLsdKAT U/MPdWR O/ISsdWA 14/ABsdOLSZT 008/bak2 bd1970bd1989 k20201 aJaskułowski, Tytusd(1976- ).eAutor10aSzczecin miasto, którego nie było :bdyplomacja RFN i polskie przełomy 1970-1989 /cTytus Jaskułowski. aSzczecin ;aWarszawa :bInstytut Pamięci Narodowej - Komisja Ścigania Zbrodni przeciwko Narodowi Polskiemu. Oddział w Szczecinie,c2020. a198 stron ;c24 cm. aTekstbtxt2rdacontent aBez urządzenia pośredniczącegobn2rdamedia aWoluminbnc2rdacarrier aKsiążki aPublikacje naukowe1 a2001-1 aŚwiat wobec Szczecina aBibliografia na stronach 177-188. Indeks. 7a1901-20002DBN 7a1945-19892DBN 7aPolityka zagraniczna2DBN 7aGrudzień 1970 (Polska)2DBN 7aJesień Ludów2DBN 7aPRL2DBN 7aWydarzenia w Polsce (1980-1981)2DBN 7aPolskay1970 (Wydarzenia grudniowe).2kaba 7aPolskay1980-1981 (Powstanie Solidarności).2kaba 7aPolskay1980-1989.2kaba 7aPolskaxstosunki zagranicznezRepublika Federalna Niemiecy1970-2000.2kaba 7aRepublika Federalna Niemiecxstosunki zagranicznezPolskay1970-2000.2kaba 7aSzczecin (Polska)xpolityka i rządyy1970-2000.2kaba 7aRFN2DBN 7aSzczecin (woj. zachodniopomorskie)2DBN 7aOpracowanie2DBN aHistoria aPolityka, politologia, administracja publiczna2 aInstytut Pamięci Narodowej - Komisja Ścigania Zbrodni przeciwko Narodowi Polskiemu.bOddział (Szczecin).eWydawca4pbl 0aŚwiat Wobec Szczecina